Titres de chansons de Booba - Clic Quiz - Statistiques

Statistiques générales
  • Ce quiz a été pris 1 404 fois
  • Le résultat moyen est 15 sur 20
Statistiques - réponses
Hint Réponse % Correct
Petite Fille
92%
Grain De sable
89%
Strass & Paillettes
86%
Salade Tomates oignons
86%
A.C. Milan
83%
Temps Mort
82%
Maître Yoda
82%
Nouvelle Ecole
81%
Garde La pêche
80%
Le mal Par le mal
79%
Génération Assassin
74%
Wesh Morray
74%
Le bitume Avec une plume
72%
Pazalaza Pour sazamuser
65%
Vaisseau Mère
60%
Double Poney
60%
Bakel City Gang
59%
Saddam Hauts-de-Seine
57%
Jimmy Deux fois
50%
Maki Sall Music
49%
Aucun quiz correspondant
Distribution des résultats
% des personnes avec chaque résultat
Percentile par nombre de réponses
Votre historique - résultats
Vous n’avez pas pris ce quiz